000
00347nam a2200157Ia 4500
100
_a
Silberschatz/ A/ Galvin
250
_a
4
942
_c
BK
654
_a
Operating System
245
_a
Operating Systems Concepts
260
_b
Addison Wesley Pub
_a
Reading
_c
1994
082
_a
5.43
_b
SIL
300
_a
780
546
_a
ENGLISH
999
_c
27687
_d
27687